| LEADER | 02600nam a2200325 4500 | ||
|---|---|---|---|
| 999 | |c 11038 |d 11038 | ||
| 082 | |a 372.7 |b PH104Đ | ||
| 100 | |a Phạm Đình Thực | ||
| 245 | |a Bộ đề toán lớp 5 |c Phạm Đình Thực |b Dành cho phụ huynh hướng dẫn con em học tại nhà | ||
| 260 | |a TP. Hồ Chí Minh |b Tổng hợp |c 2006 | ||
| 300 | |a 119 tr |c 24 cm. | ||
| 520 | |a v.v... | ||
| 653 | |a Giáo dục tiểu học | ||
| 653 | |a Lớp 5 | ||
| 653 | |a Toán học | ||
| 856 | |u Bài tập | ||
| 942 | |2 ddc |c STK0 | ||
| 952 | |0 0 |1 0 |2 ddc |4 0 |6 372_700000000000000_PH104Đ |7 0 |8 300 |9 95018 |a qbu |b qbu |c D2 |d 2015-09-29 |g 12000 |o 372.7 PH104Đ |p 10892.c1 |r 0000-00-00 |w 2015-09-29 |y STK0 | ||
| 952 | |0 0 |1 0 |2 ddc |4 0 |6 372_700000000000000_PH104Đ |7 0 |8 300 |9 95019 |a qbu |b qbu |c D2 |d 2015-09-29 |g 12000 |o 372.7 PH104Đ |p 10892.c2 |r 0000-00-00 |w 2015-09-29 |y STK0 | ||
| 952 | |0 0 |1 0 |2 ddc |4 0 |6 372_700000000000000_PH104Đ |7 0 |8 300 |9 95020 |a qbu |b qbu |c D2 |d 2015-09-29 |g 12000 |o 372.7 PH104Đ |p 10892.c3 |r 0000-00-00 |w 2015-09-29 |y STK0 | ||
| 952 | |0 0 |1 0 |2 ddc |4 0 |6 372_700000000000000_PH104Đ |7 0 |8 300 |9 95021 |a qbu |b qbu |c D2 |d 2015-09-29 |g 12000 |o 372.7 PH104Đ |p 10892.c4 |r 0000-00-00 |w 2015-09-29 |y STK0 | ||
| 952 | |0 0 |1 0 |2 ddc |4 0 |6 372_700000000000000_PH104Đ |7 0 |8 300 |9 95022 |a qbu |b qbu |c D2 |d 2015-09-29 |g 12000 |o 372.7 PH104Đ |p 10892.c5 |r 0000-00-00 |w 2015-09-29 |y STK0 | ||
| 952 | |0 0 |1 0 |2 ddc |4 0 |6 372_700000000000000_PH104Đ |7 0 |8 300 |9 95023 |a qbu |b qbu |c D2 |d 2015-09-29 |g 12000 |o 372.7 PH104Đ |p 10892.c6 |r 0000-00-00 |w 2015-09-29 |y STK0 | ||
| 952 | |0 0 |1 0 |2 ddc |4 0 |6 372_700000000000000_PH104Đ |7 0 |8 300 |9 95024 |a qbu |b qbu |c D2 |d 2015-09-29 |g 12000 |o 372.7 PH104Đ |p 10892.c7 |r 0000-00-00 |w 2015-09-29 |y STK0 | ||
| 952 | |0 0 |1 0 |2 ddc |4 0 |6 372_700000000000000_PH104Đ |7 0 |8 300 |9 95025 |a qbu |b qbu |c D2 |d 2015-09-29 |g 12000 |o 372.7 PH104Đ |p 10892.c8 |r 0000-00-00 |w 2015-09-29 |y STK0 | ||
| 952 | |0 0 |1 0 |2 ddc |4 0 |6 372_700000000000000_PH104Đ |7 0 |8 300 |9 95026 |a qbu |b qbu |c D2 |d 2015-09-29 |g 12000 |o 372.7 PH104Đ |p 10892.c9 |r 0000-00-00 |w 2015-09-29 |y STK0 | ||
| 952 | |0 0 |1 0 |2 ddc |4 0 |6 372_700000000000000_PH104Đ |7 0 |8 300 |9 95027 |a qbu |b qbu |c D2 |d 2015-09-29 |g 12000 |o 372.7 PH104Đ |p 10892.c10 |r 0000-00-00 |w 2015-09-29 |y STK0 | ||
| 952 | |0 0 |1 0 |2 ddc |4 0 |6 372_700000000000000_PH104Đ |7 0 |8 300 |9 95028 |a qbu |b qbu |c D2 |d 2015-09-29 |g 12000 |o 372.7 PH104Đ |p 10892.c11 |r 0000-00-00 |w 2015-09-29 |y STK0 | ||
| 952 | |0 0 |1 0 |2 ddc |4 0 |6 372_700000000000000_PH104Đ |7 0 |8 300 |9 95029 |a qbu |b qbu |c D2 |d 2015-09-29 |g 12000 |o 372.7 PH104Đ |p 10892.c12 |r 0000-00-00 |w 2015-09-29 |y STK0 | ||
| 952 | |0 0 |1 0 |2 ddc |4 0 |6 372_700000000000000_PH104Đ |7 0 |8 300 |9 95030 |a qbu |b qbu |c D2 |d 2015-09-29 |g 12000 |o 372.7 PH104Đ |p 10892.c13 |r 0000-00-00 |w 2015-09-29 |y STK0 | ||